Normal view
MARC view
- Mitton, R. G
Entry Personal Name
001 - CONTROL NUMBER
- control field: 104195
003 - CONTROL NUMBER IDENTIFIER
- control field: NUST
005 - DATE AND TIME OF LATEST TRANSACTION
- control field: 20221206105037.0
008 - FIXED-LENGTH DATA ELEMENTS
- fixed length control field: 221206|| aca||aabn | a|a d
040 ## - CATALOGING SOURCE
- Original cataloging agency: NUST
- Transcribing agency: NUST
100 ## - HEADING--PERSONAL NAME
- Personal name: Mitton, R. G
670 ## - SOURCE DATA FOUND
- Source citation: Work cat.: (NUST)180562: Mitton, R. G. , Mechanics and hydrostatics, 1945
